<?xml version="1.0" encoding="UTF-8"?>
<record
    xmlns:xsi="http://www.w3.org/2001/XMLSchema-instance"
    xsi:schemaLocation="http://www.loc.gov/MARC21/slim http://www.loc.gov/standards/marcxml/schema/MARC21slim.xsd"
    xmlns="http://www.loc.gov/MARC21/slim">

  <leader>00397nam a22001697a 4500</leader>
  <datafield tag="999" ind1=" " ind2=" ">
    <subfield code="c">1303</subfield>
    <subfield code="d">1303</subfield>
  </datafield>
  <controlfield tag="005">20211126103522.0</controlfield>
  <controlfield tag="008">160521b        xxu||||| |||| 00| 0 eng d</controlfield>
  <datafield tag="020" ind1=" " ind2=" ">
    <subfield code="a">81-259-1275-4</subfield>
  </datafield>
  <datafield tag="041" ind1=" " ind2=" ">
    <subfield code="a">eng</subfield>
  </datafield>
  <datafield tag="082" ind1=" " ind2=" ">
    <subfield code="b">3747</subfield>
  </datafield>
  <datafield tag="100" ind1=" " ind2=" ">
    <subfield code="a">S. KALAVATHY</subfield>
    <subfield code="9">637</subfield>
  </datafield>
  <datafield tag="245" ind1=" " ind2=" ">
    <subfield code="a">Operations Research</subfield>
  </datafield>
  <datafield tag="260" ind1=" " ind2=" ">
    <subfield code="b">UBS Publicating Distrubutor</subfield>
    <subfield code="c">2008</subfield>
  </datafield>
  <datafield tag="300" ind1=" " ind2=" ">
    <subfield code="a">536</subfield>
  </datafield>
  <datafield tag="650" ind1=" " ind2=" ">
    <subfield code="a">Management</subfield>
    <subfield code="9">241</subfield>
  </datafield>
  <datafield tag="942" ind1=" " ind2=" ">
    <subfield code="c">BK</subfield>
  </datafield>
  <datafield tag="952" ind1=" " ind2=" ">
    <subfield code="0">0</subfield>
    <subfield code="1">0</subfield>
    <subfield code="4">0</subfield>
    <subfield code="7">0</subfield>
    <subfield code="8">MANAGEMENT</subfield>
    <subfield code="a">JRU</subfield>
    <subfield code="b">JRU</subfield>
    <subfield code="c">SHELF-76-F</subfield>
    <subfield code="d">2016-05-21</subfield>
    <subfield code="g">215.00</subfield>
    <subfield code="l">43</subfield>
    <subfield code="m">26</subfield>
    <subfield code="o">3747</subfield>
    <subfield code="p">3747</subfield>
    <subfield code="q">2026-05-20</subfield>
    <subfield code="r">2026-04-27 13:32:49</subfield>
    <subfield code="s">2026-04-27</subfield>
    <subfield code="w">2016-05-21</subfield>
    <subfield code="y">BK</subfield>
  </datafield>
  <datafield tag="952" ind1=" " ind2=" ">
    <subfield code="0">0</subfield>
    <subfield code="1">0</subfield>
    <subfield code="4">0</subfield>
    <subfield code="7">0</subfield>
    <subfield code="8">MANAGEMENT</subfield>
    <subfield code="a">JRU</subfield>
    <subfield code="b">JRU</subfield>
    <subfield code="c">SHELF-76-F</subfield>
    <subfield code="d">2016-05-21</subfield>
    <subfield code="g">215.00</subfield>
    <subfield code="l">36</subfield>
    <subfield code="m">12</subfield>
    <subfield code="o">3747</subfield>
    <subfield code="p">3748</subfield>
    <subfield code="r">2026-05-04 13:56:57</subfield>
    <subfield code="s">2026-04-24</subfield>
    <subfield code="w">2016-05-21</subfield>
    <subfield code="y">BK</subfield>
  </datafield>
  <datafield tag="952" ind1=" " ind2=" ">
    <subfield code="0">0</subfield>
    <subfield code="1">0</subfield>
    <subfield code="4">0</subfield>
    <subfield code="7">0</subfield>
    <subfield code="8">MANAGEMENT</subfield>
    <subfield code="a">JRU</subfield>
    <subfield code="b">JRU</subfield>
    <subfield code="c">SHELF-35-F</subfield>
    <subfield code="d">2016-05-21</subfield>
    <subfield code="g">215.00</subfield>
    <subfield code="l">46</subfield>
    <subfield code="m">21</subfield>
    <subfield code="o">3747</subfield>
    <subfield code="p">3749</subfield>
    <subfield code="r">2026-02-04 11:34:15</subfield>
    <subfield code="s">2025-09-16</subfield>
    <subfield code="w">2016-05-21</subfield>
    <subfield code="y">BK</subfield>
  </datafield>
  <datafield tag="952" ind1=" " ind2=" ">
    <subfield code="0">0</subfield>
    <subfield code="1">0</subfield>
    <subfield code="4">0</subfield>
    <subfield code="7">0</subfield>
    <subfield code="8">MANAGEMENT</subfield>
    <subfield code="a">JRU</subfield>
    <subfield code="b">JRU</subfield>
    <subfield code="c">SHELF-76-F</subfield>
    <subfield code="d">2016-05-21</subfield>
    <subfield code="g">215.00</subfield>
    <subfield code="l">47</subfield>
    <subfield code="m">16</subfield>
    <subfield code="o">3747</subfield>
    <subfield code="p">3750</subfield>
    <subfield code="q">2026-05-09</subfield>
    <subfield code="r">2026-04-13 13:33:33</subfield>
    <subfield code="s">2026-04-13</subfield>
    <subfield code="w">2016-05-21</subfield>
    <subfield code="y">BK</subfield>
  </datafield>
  <datafield tag="952" ind1=" " ind2=" ">
    <subfield code="0">0</subfield>
    <subfield code="1">0</subfield>
    <subfield code="4">0</subfield>
    <subfield code="7">0</subfield>
    <subfield code="8">MANAGEMENT</subfield>
    <subfield code="a">JRU</subfield>
    <subfield code="b">JRU</subfield>
    <subfield code="c">SHELF-76-F</subfield>
    <subfield code="d">2016-05-21</subfield>
    <subfield code="g">215.00</subfield>
    <subfield code="l">45</subfield>
    <subfield code="m">22</subfield>
    <subfield code="p">3751</subfield>
    <subfield code="q">2026-05-29</subfield>
    <subfield code="r">2026-05-14 13:16:00</subfield>
    <subfield code="s">2026-05-14</subfield>
    <subfield code="w">2016-05-21</subfield>
    <subfield code="y">BK</subfield>
  </datafield>
  <datafield tag="952" ind1=" " ind2=" ">
    <subfield code="0">0</subfield>
    <subfield code="1">0</subfield>
    <subfield code="4">0</subfield>
    <subfield code="7">0</subfield>
    <subfield code="8">MANAGEMENT</subfield>
    <subfield code="a">JRU</subfield>
    <subfield code="b">JRU</subfield>
    <subfield code="c">SHELF-76-F</subfield>
    <subfield code="d">2016-05-21</subfield>
    <subfield code="g">215.00</subfield>
    <subfield code="l">15</subfield>
    <subfield code="m">10</subfield>
    <subfield code="o">3747</subfield>
    <subfield code="p">3752</subfield>
    <subfield code="q">2026-05-29</subfield>
    <subfield code="r">2026-05-14 13:14:55</subfield>
    <subfield code="s">2026-05-14</subfield>
    <subfield code="w">2016-05-21</subfield>
    <subfield code="y">BK</subfield>
  </datafield>
</record>
